000 00629nam a2200241 i 4500
001 16187
003 ES-MaACL
005 20230906151247.0
007 t|
008 000707s1993 mx ||||1| spa d
020 _a968-23-1846-7
080 _a343.819.5
100 1 _aTodorov, Tzvetan.
_9110413
245 1 0 _aFrente al límite /
_cpor Tzvetan Todorov.
250 _a1ª ed.
260 _aMéxico :
_bSiglo XXI,
_c1993.
300 _a324 p. ;
_c21 cm.
490 1 _aTeoría
650 1 4 _aCampos de concentración.
_910712
830 0 _aTeoría
_9177535
852 _aES-MaACL
_jL-23391
_bR.128380
999 _c16187
_d16187